logo

Bir Sreshtho Munshi Abdur Rouf Library
Jhenaidah Cadet College

Microeconomics / (Record no. 5139)

MARC details
000 -LEADER
fixed length control field 00681pam a2200253 a 4500
001 - CONTROL NUMBER
JCCL Control Number 5139
003 - CONTROL NUMBER IDENTIFIER
JCCL marc code BD-JhCC
005 - DATE AND TIME OF LATEST TRANSACTION
control field 20171209173359.0
008 - FIXED-LENGTH DATA ELEMENTS--GENERAL INFORMATION
fixed length control field 880831s1989 ilua b 001 0 eng
020 ## - INTERNATIONAL STANDARD BOOK NUMBER
International Standard Book Number 0256074909 (pbk.)
035 ## - SYSTEM CONTROL NUMBER
system control number (BD-JhCC)
040 ## - CATALOGING SOURCE
Original cataloging agency DLC
Transcribing agency DLC
Modifying agency DLC
041 ## - LANGUAGE CODE
Language code of Book eng
050 00 - LIBRARY OF CONGRESS CALL NUMBER
Classification number HB172
Item number .H957 1989
082 00 - DEWEY DECIMAL CLASSIFICATION NUMBER
Classification number 338.5
DDC Edition number 19
Author mark and Year HYM 1989
100 1# - MAIN ENTRY--PERSONAL NAME
Personal name Hyman, David N.
245 10 - TITLE STATEMENT
Title Microeconomics /
Statement of responsibility, etc David N. Hyman.
260 ## - PUBLICATION, DISTRIBUTION, ETC. (IMPRINT)
Place of publication, distribution, etc Homewood, IL :
Name of publisher, distributor, etc Irwin,
Date of publication, distribution, etc 1989.
300 ## - PHYSICAL DESCRIPTION
Pagination xxvi, 9, 602, 16, 11 p. :
Other physical details ill. (some col.) ;
Dimensions 26 cm.
504 ## - BIBLIOGRAPHY, ETC. NOTE
Bibliography, etc Includes bibliographies and index.
650 #0 - SUBJECT ADDED ENTRY--TOPICAL TERM
Topical term or geographic name as entry element Microeconomics.
942 ## - ADDED ENTRY ELEMENTS (KOHA)
Source of classification or shelving scheme Dewey Decimal Classification
Koha item type Books
Holdings
Source of classification or shelving scheme Damaged status Not for loan Home library Current library Shelving location Date of accession Total Checkouts Full call number Barcode Date last seen Date checked out Copy number Koha item type
Dewey Decimal Classification     JCC Rouf Library JCC Rouf Library General Stacks 12/09/2017 1 338.5 HYM 1989 7128 05/07/2024 05/07/2024 C-1 Books

JCC Library | Contacts | JCC Home

Last Update on 23 September 2017
Copyright @ 2017-2020 JCC Rouf Library
Rouf Library, Jhenidah Cadet College (JCC), Bangladesh